Statistics for South Carolina Counties Quiz

Click here to take the quiz!

General Stats

  • This quiz has been taken 3,839 times
  • The average score is 29 of 46

Answers on the Map

Answers color-coded by a green-red scale on the quiz's map according to % correct below.
Loading ...
 

Answer Stats

County % Correct
Charleston
91%
Greenville
84%
Spartanburg
78%
Horry
74%
Beaufort
72%
Aiken
72%
York
71%
Anderson
71%
Richland
71%
Oconee
70%
Sumter
69%
Orangeburg
69%
Pickens
68%
Lexington
67%
Lee
67%
Chester
65%
Cherokee
65%
Calhoun
64%
Florence
64%
Union
64%
Abbeville
63%
Georgetown
63%
Marion
61%
Jasper
61%
Lancaster
61%
Dillon
60%
Dorchester
60%
Allendale
59%
Darlington
59%
Marlboro
58%
Greenwood
58%
Colleton
57%
Laurens
57%
Bamberg
57%
Edgefield
57%
Newberry
56%
Chesterfield
56%
McCormick
55%
Saluda
55%
Barnwell
55%
Williamsburg
55%
Kershaw
54%
Hampton
54%
Fairfield
54%
Berkeley
54%
Clarendon
49%

Score Distribution

Percentile by Number Answered

Percent of People with Each Score

Your Score History

You have not taken this quiz